| 000 | 00484nam a2200193Ia 4500 | ||
|---|---|---|---|
| 005 | 20240418154745.0 | ||
| 008 | 131103s9999 xx 000 0 und d | ||
| 040 | _aLoreto College | ||
| 041 | _aEnglish | ||
| 082 |
_a370.15 _bROS |
||
| 100 | _aRoss,James S | ||
| 245 |
_aGroundwork of Eductional Psychology _cJames S.Ross |
||
| 260 |
_aLondon _bGeorge G.Harrap _c1950 |
||
| 300 | _a276p | ||
| 504 | _aIncludes Index | ||
| 650 | _aPsychology | ||
| 850 | _aLCBED | ||
| 942 | _cBK | ||
| 999 |
_c26993 _d77472 |
||